WWE current champions 2019 (August) - Statistics

General Stats
  • This quiz has been taken 188 times
  • The average score is 3 of 10
Answer Stats
Question Answer % Correct
Who is the Smackdown Womens Champion? Bayley
67%
Who is the Raw Womens Champion? Becky Lynch
67%
Who is the United States champion? AJ Styles
33%
Who is the WWE champion? Kofi Kingston
33%
Who are the Womens Tag Team champions? Nikki Cross & Alexa Bliss
33%
Who is the Universal champion? Seth Rollins
33%
Who are the Raw Tag Team champions? Seth Rollins & Braun Strowman
33%
Who are the Smackdown Tag team champions? The New Day
33%
Who is the Crusierweight Champion? Drew Gulak
0%
Who is the Intercontinental champion? Shinsuke Nakamura
0%
No matching quizzes found
Score Distribution
Percent of People with Each Score
Percentile by Number Answered
Your Score History
You have not taken this quiz